000 00271nam a2200109Ia 4500
005 20251222141907.0
008 251222s9999||||xx |||||||||||||| ||spa||
082 _a346.048/I49
245 0 _aCompendio Estadístico Institucional 2006-2010
264 _bIndecopi
942 _cLIB
999 _c8243
_d8243